Peasant life in the West of England /

Saved in:
Bibliographic Details
Main Author: Heath, Francis George, 1843-1913
Format: Book
Language:English
Published: London : Sampson Low, Marston, Searle & Rivington, 1881.
Edition:4th ed.
Subjects:
LEADER 01187cam a2200277 a 4500
001 c000387464
003 CARM
005 00000000000000.0
008 861104s1881 enkai 001 0 eng d
019 1 |a 13478247  |5 LACONCORD2021 
035 |a (OCoLC)35950790  |5 LACONCORD2021 
040 |a OCoLC  |b eng  |d ANL 
043 |a e-uk-en 
082 0 4 |a 305.56330942 
100 1 |a Heath, Francis George,  |d 1843-1913. 
245 1 0 |a Peasant life in the West of England /  |c Francis George Heath. 
250 |a 4th ed.  |b to which is prefixed the fac-simile of an autograph letter of seven pages, addressed to the author, on the 28th December 1880, by the late Earl of Beaconsfield. 
260 |a London :  |b Sampson Low, Marston, Searle & Rivington,  |c 1881. 
300 |a xvi, 400 p. :  |b ill., facsim. ;  |c 19 cm. 
500 |a Includes index. 
650 0 |a Agricultural laborers  |z Great Britain. 
650 0 |a Peasants  |z Great Britain. 
650 0 |a Country life  |z England. 
852 8 |b CARM  |h A3:AD26A0  |i A05521  |p 0480938  |f BK 
999 f f |i 3ed6a5c8-70d9-5ea6-9958-6d5f5311d8e2  |s aa149954-80aa-55af-8e08-445979304296 
952 f f |p Can circulate  |a CAVAL  |b CAVAL  |c CAVAL  |d CARM 1 Store  |e A05521  |f A3:AD26A0  |h Other scheme  |i book  |m 0480938